000 00592nam a2200193Ia 4500
005 20260114185820.0
008 008 260114s9999 xx 000 0 eng d
020 _a9780755603725
037 _aEBOOK
040 _aCRL
_beng
_cCRL
041 _aeng
_2eng
084 _qCRL
100 _aMark Dorrian
_9874745
245 0 _aWriting on the Image Architecture, the City and the Politics of Representation
260 _bBloomsbury
_c2015
856 _uhttps://doi.org/10.5040/9780755603725?locatt=label:secondary_bloomsburyCollections
942 _cEBOOK
999 _c1473679
_d1473679